Tensors and manifolds : with applications to physics (Record no. 7380)
[ view plain ]
| 000 -LEADER | |
|---|---|
| fixed length control field | 00574 a2200181 4500 |
| 000 - LEADER | |
| fixed length control field | BKB |
| 001 - CONTROL NUMBER | |
| control field | 133052 |
| 005 - DATE AND TIME OF LATEST TRANSACTION | |
| control field | 20200902152037.0 |
| 008 - FIXED-LENGTH DATA ELEMENTS--GENERAL INFORMATION | |
| fixed length control field | |
| 020 ## - INTERNATIONAL STANDARD BOOK NUMBER | |
| International Standard Book Number | 9780199564828 |
| 082 ## - DEWEY DECIMAL CLASSIFICATION NUMBER | |
| Classification number | 530.1563 |
| Item number | W28T |
| 100 1# - MAIN ENTRY--PERSONAL NAME | |
| Personal name | Wasserman, Robert H. |
| 245 1# - TITLE STATEMENT | |
| Title | Tensors and manifolds : with applications to physics |
| Statement of responsibility, etc | by Robert H. Wasserman |
| 250 ## - EDITION STATEMENT | |
| Edition statement | 2nd ed. |
| 260 ## - PUBLICATION, DISTRIBUTION, ETC. (IMPRINT) | |
| Place of publication, distribution, etc | New York |
| Name of publisher, distributor, etc | Oxford University Press |
| Date of publication, distribution, etc | 2009 |
| 300 ## - PHYSICAL DESCRIPTION | |
| Extent | 447p. |
| 690 ## - LOCAL SUBJECT ADDED ENTRY--TOPICAL TERM (OCLC, RLIN) | |
| Topical term or geographic name as entry element | Manifolds (Mathematics); Mathematical physics; Calculus of tensors; Mechanics |
| Withdrawn status | Lost status | Damaged status | Not for loan | Home library | Current library | Date acquired | Total Checkouts | Full call number | Barcode | Date last seen | Price effective from | Koha item type |
|---|---|---|---|---|---|---|---|---|---|---|---|---|
| Central University Of Rajasthan | Central University Of Rajasthan | 21/08/2012 | 530.1563 W28T | 10622 | 21/11/2024 | 02/09/2020 | Books |
